Prendere e lasciare (Record n. 101465)

Dettagli MARC
000 -LEADER
fixed length control field 01222njm a2200313Ia 4500
001 - CONTROL NUMBER
control field E1331
003 - CONTROL NUMBER IDENTIFIER
control field IT-RoPAU
005 - DATE AND TIME OF LATEST TRANSACTION
control field 20220918181144.0
008 - FIXED-LENGTH DATA ELEMENTS--GENERAL INFORMATION
fixed length control field 131025s9999 xx 000 0 und d
040 ## - CATALOGING SOURCE
Original cataloging agency IT-RoPAU
040 ## - CATALOGING SOURCE
Transcribing agency IT-RoPAU
041 ## - LANGUAGE CODE
Language code of text/sound track or separate title ITALIANO
999 ## - SYSTEM CONTROL NUMBERS (KOHA)
Koha Dewey Subclass [OBSOLETE] n.d.
100 ## - MAIN ENTRY--PERSONAL NAME
Personal name De Gregori Francesco
9 (RLIN) 5593
100 ## - MAIN ENTRY--PERSONAL NAME
Relator term Autore musica
9 (RLIN) 31436
100 ## - MAIN ENTRY--PERSONAL NAME
Miscellaneous information Codice autore musica SPICS: 1251
9 (RLIN) 5595
245 ## - TITLE STATEMENT
Title Prendere e lasciare
250 ## - EDITION STATEMENT
Edition statement 1a ed.
260 ## - PUBLICATION, DISTRIBUTION, ETC. (IMPRINT)
Place of publication, distribution, etc. ITALIA
260 ## - PUBLICATION, DISTRIBUTION, ETC. (IMPRINT)
Name of publisher, distributor, etc. SONY MUSIC ENTERTAINMENT
Date of publication, distribution, etc. 1996 [1a Ed.:1996 - Ed. Lingua Orig.: 1996]
300 ## - PHYSICAL DESCRIPTION
Extent COMPACT DISC
300 ## - PHYSICAL DESCRIPTION
Dimensions 75 minuti (Testo: pag.)
500 ## - GENERAL NOTE
General note Musica leggera. Canzone italiana. Cantautore.
505 ## - FORMATTED CONTENTS NOTE
Formatted contents note Compagni di viaggio - Rosa rosae - Tutti hanno un cuore - Un guanto - Jazz - L'agnello di Dio - Stelutis alpinis - Baci da Pompei - Prendi questa mano, zingara - Fine di un killer - Battere e levare.
650 ## - SUBJECT ADDED ENTRY--TOPICAL TERM
Topical term or geographic name as entry element CANTAUTORI [COMPACT DISC]
Relator term Codice MATERIA SPICS: 9949
9 (RLIN) 16479
700 ## - ADDED ENTRY--PERSONAL NAME
Personal name De Gregori Francesco
Relator term Autore testo e musica
Miscellaneous information Codice autore testo/musica SPICS: 1251
9 (RLIN) 31437
700 ## - ADDED ENTRY--PERSONAL NAME
Personal name De Gregori Francesco
Miscellaneous information Codice interprete SPICS: 1251
Relator term Interprete
9 (RLIN) 31438
942 ## - ADDED ENTRY ELEMENTS (KOHA)
Koha item type CD AUDIO
Source of classification or shelving scheme Dewey Decimal Classification
Dati di copia
Withdrawn status Lost status Damaged status Not for loan Home library Current library Date acquired Total Checkouts Full call number Date last seen Price effective from Koha item type Public note
    Buone Condizioni Not For Loan SPICS-MEDIATECA SPICS-MEDIATECA 25/10/2013   E1331 25/10/2013 25/10/2013 CD AUDIO Progr. Ins.: 2335 / N.Vol.: 1 / Copie: 1 - Copia rara: n.d. / date import: 01.01.2014 - By Epidotti, Trombetti, Vaglietti
CREDITS: SOCIETA' SAN PAOLO Via A.Severo, 58 - ROMA (RM) & PERIODICI SAN PAOLO SRL Via Giotto, 36 MILANO & CISF Via Giotto, 36 MILANO & EDIZIONI SAN PAOLO SRL,  Piazza Soncino, 5 CINISELLO BALSAMO (MI) -- ITALY